[Event "Le Bolduc-B 2nd"]
[Site "Montreal CAN"]
[Date "2003.09.24"]
[Round "2"]
[White "Khaziyeva, Dinara"]
[Black "Rousseau, Daniel"]
[Result "1/2-1/2"]
[WhiteElo "2108"]
[BlackElo "2044"]
[PlyCount "96"]
[GameId "2160767911255664"]
[EventDate "2003.09.22"]
[EventType "tourn"]
[EventRounds "11"]
[EventCountry "CAN"]
[SourceTitle "EXT 2006"]
[Source "ChessBase"]
[SourceDate "2005.11.24"]
[SourceVersion "1"]
[SourceVersionDate "2005.11.24"]
[SourceQuality "1"]

1. c4 Nf6 2. g3 g6 3. Bg2 Bg7 4. Nf3 O-O 5. O-O d6 6. d3 e5 7. Nc3 Nc6 8. Bg5 h6 9. Bxf6 Bxf6 10. Rb1 Bg7 11. Nd2 Nd4 12. e3 Ne6 13. b4 f5 14. Qc2 Rb8 15. b5 Bd7 16. Nb3 c6 17. a4 Qc7 18. Rfc1 Nc5 19. Nxc5 dxc5 20. bxc6 bxc6 21. Rxb8 Rxb8 22. Rb1 Rb4 23. Na2 Rxb1+ 24. Qxb1 Qb6 25. Qxb6 axb6 26. Nc1 Kf7 27. Nb3 Ke7 28. a5 bxa5 29. Nxa5 Kd6 30. Nb7+ Kc7 31. Nxc5 Bc8 32. Kf1 Bf8 33. Nb3 Kb6 34. Ke2 Bb4 35. f4 exf4 36. gxf4 Bd6 37. h3 g5 38. fxg5 hxg5 39. Nd4 Bd7 40. Nf3 Be7 41. d4 c5 42. Ne5 Be8 43. d5 Kc7 44. Nd3 Bg6 45. Nf2 Kd6 46. e4 Ke5 47. Ke3 f4+ 48. Kd3 Bh5 1/2-1/2

[Event "Le Bolduc-B 2nd"]
[Site "Montreal CAN"]
[Date "2003.10.01"]
[Round "4"]
[White "Bachand-Fleurent, Julien"]
[Black "Rousseau, Daniel"]
[Result "0-1"]
[WhiteElo "2057"]
[BlackElo "2044"]
[PlyCount "71"]
[GameId "2160767911255668"]
[EventDate "2003.09.22"]
[EventType "tourn"]
[EventRounds "11"]
[EventCountry "CAN"]
[SourceTitle "EXT 2006"]
[Source "ChessBase"]
[SourceDate "2005.11.24"]
[SourceVersion "1"]
[SourceVersionDate "2005.11.24"]
[SourceQuality "1"]

1. e4 Nf6 2. e5 Nd5 3. c4 Nb6 4. d4 d6 5. f4 dxe5 6. fxe5 c5 7. d5 e6 8. Nc3 exd5 9. cxd5 c4 10. Bf4 Bb4 11. d6 O-O 12. Be2 f6 13. Bxc4+ Kh8 14. Bd3 Qe8 15. Qe2 fxe5 16. Bxe5 Nc6 17. Bg3 Qf7 18. O-O-O Bxc3 19. bxc3 Be6 20. Nf3 Bxa2 21. Ne5 Qb3 22. Qc2 Qa3+ 23. Qb2 Qa5 24. Nxc6 bxc6 25. Qb4 Qg5+ 26. Kb2 Bf7 27. Qe4 Bg6 28. Qxc6 Rac8 29. Qb5 Rc5 30. Qb3 Bxd3 31. Rxd3 Rb5 32. Re1 Nc4+ 33. Kc2 Rxb3 34. Kxb3 Qb5+ 35. Kc2 Qb2+ 36. Kd1 0-1

[Event "Le Bolduc-B 2nd"]
[Site "Montreal CAN"]
[Date "2003.10.08"]
[Round "6"]
[White "Charbonneau, Anne-Marie"]
[Black "Rousseau, Daniel"]
[Result "0-1"]
[WhiteElo "2052"]
[BlackElo "2044"]
[PlyCount "126"]
[GameId "2160767911255672"]
[EventDate "2003.09.22"]
[EventType "tourn"]
[EventRounds "11"]
[EventCountry "CAN"]
[SourceTitle "EXT 2006"]
[Source "ChessBase"]
[SourceDate "2005.11.24"]
[SourceVersion "1"]
[SourceVersionDate "2005.11.24"]
[SourceQuality "1"]

1. d4 Nf6 2. c4 g6 3. Nc3 Bg7 4. e4 d6 5. Be2 O-O 6. Bg5 Nbd7 7. Qd2 c6 8. d5 Nc5 9. f3 Qb6 10. Be3 Qa5 11. Rc1 Re8 12. h4 h5 13. Nh3 Bxh3 14. Rxh3 a6 15. b3 e6 16. dxc6 bxc6 17. Nb1 Qc7 18. e5 Nfd7 19. exd6 Qb8 20. b4 Nb7 21. c5 Nd8 22. Bd4 e5 23. Bc3 Ne6 24. Kf1 Nf4 25. Rh2 Nd5 26. a3 Kh7 27. g4 Qd8 28. g5 f6 29. Rg2 Nf4 30. Rg3 fxg5 31. hxg5 Nf8 32. Bc4 Qd7 33. Qe3 Nd5 34. Qe4 Nf4 35. Nd2 N8e6 36. Bxe6 Qxe6 37. Nc4 Nd5 38. Bb2 Rf8 39. Kg1 Rf4 40. Qe2 Rf5 41. Re1 Nf4 42. Qc2 Rxg5 43. Rxg5 Nh3+ 44. Kh1 Nxg5 45. Qg2 Nxf3 46. Qxf3 Qxc4 47. Re4 Qa2 48. Re2 Rf8 49. Qxc6 e4 50. Qc7 Rf7 51. d7 Bxb2 52. d8=Q Qa1+ 53. Kh2 Be5+ 54. Qxe5 Qxe5+ 55. Kg2 Qf4 56. Qd2 Qg4+ 57. Kh2 Rf3 58. Rg2 Qh4+ 59. Kg1 e3 60. Qe2 Rh3 61. Kf1 Rh1+ 62. Rg1 Qf4+ 63. Kg2 Rh2# 0-1

[Event "Le Bolduc-B 2nd"]
[Site "Montreal CAN"]
[Date "2003.10.13"]
[Round "7"]
[White "Rousseau, Daniel"]
[Black "Gagnon, Michel"]
[Result "1/2-1/2"]
[WhiteElo "2044"]
[BlackElo "2033"]
[PlyCount "90"]
[GameId "2160767911255677"]
[EventDate "2003.09.22"]
[EventType "tourn"]
[EventRounds "11"]
[EventCountry "CAN"]
[SourceTitle "EXT 2006"]
[Source "ChessBase"]
[SourceDate "2005.11.24"]
[SourceVersion "1"]
[SourceVersionDate "2005.11.24"]
[SourceQuality "1"]

1. e4 c5 2. Nf3 d6 3. d4 cxd4 4. Nxd4 Nf6 5. Nc3 g6 6. Be2 Bg7 7. O-O O-O 8. Bg5 h6 9. Bh4 Nc6 10. Nb3 a5 11. a4 Be6 12. f4 Rc8 13. Kh1 Nb4 14. Bf3 Nd7 15. Nd2 Re8 16. Qb1 Rxc3 17. bxc3 Bxc3 18. Rd1 Bxa1 19. Qxa1 Nxc2 20. Qb2 Nb4 21. Nb3 Bxb3 22. Qxb3 Qc7 23. e5 dxe5 24. fxe5 Nxe5 25. Bg3 Qc4 26. Qxc4 Nxc4 27. Bxb7 Nd6 28. Bf3 Rc8 29. h3 Rc3 30. Bxd6 exd6 31. Rxd6 Ra3 32. Bd1 Rd3 33. Rxd3 Nxd3 34. Kg1 Kf8 35. Kf1 Ke7 36. Ke2 Ne5 37. Ke3 f5 38. Kd4 Kd6 39. Bc2 h5 40. g3 Nd7 41. Kc4 Ke5 42. Kb5 g5 43. Kxa5 Nc5 44. Kb4 Nxa4 45. Bxa4 h4 1/2-1/2

[Event "Le Bolduc-B 2nd"]
[Site "Montreal CAN"]
[Date "2003.10.20"]
[Round "9"]
[White "Rousseau, Daniel"]
[Black "Trinh, Tri Bao"]
[Result "1-0"]
[WhiteElo "2044"]
[BlackElo "2059"]
[PlyCount "79"]
[GameId "2160767911263874"]
[EventDate "2003.09.22"]
[EventType "tourn"]
[EventRounds "11"]
[EventCountry "CAN"]
[SourceTitle "EXT 2006"]
[Source "ChessBase"]
[SourceDate "2005.11.24"]
[SourceVersion "1"]
[SourceVersionDate "2005.11.24"]
[SourceQuality "1"]

1. e4 Nf6 2. e5 Nd5 3. d4 d6 4. Nf3 Bg4 5. Be2 e6 6. Ng5 Bxe2 7. Qxe2 Nc6 8. exd6 Nxd4 9. Qe4 c5 10. c3 Bxd6 11. cxd4 cxd4 12. O-O Nf6 13. Qxb7 O-O 14. Na3 Rc8 15. Bd2 Rb8 16. Qf3 Rxb2 17. Nc4 Bxh2+ 18. Kh1 Rb5 19. g3 Rf5 20. Qd3 h6 21. Ne4 Qd5 22. f3 Rh5 23. Kg2 Nd7 24. Rh1 f5 25. Ned6 e5 26. Rae1 Bxg3 27. Rxh5 Bxe1 28. Bxe1 g6 29. Rxh6 Rf6 30. Qd2 Rxd6 31. Nxd6 Qxd6 32. Qg5 Nf8 33. a3 Qa6 34. Kf2 Qd3 35. Bb4 e4 36. fxe4 fxe4 37. Qd5+ Kg7 38. Bxf8+ Kxf8 39. Rh8+ Kg7 40. Qe5+ 1-0

[Event "Le Bolduc-B 2nd"]
[Site "Montreal CAN"]
[Date "2003.10.22"]
[Round "10"]
[White "Boulay, David"]
[Black "Rousseau, Daniel"]
[Result "0-1"]
[WhiteElo "2083"]
[BlackElo "2044"]
[PlyCount "48"]
[GameId "2160767911263875"]
[EventDate "2003.09.22"]
[EventType "tourn"]
[EventRounds "11"]
[EventCountry "CAN"]
[SourceTitle "EXT 2006"]
[Source "ChessBase"]
[SourceDate "2005.11.24"]
[SourceVersion "1"]
[SourceVersionDate "2005.11.24"]
[SourceQuality "1"]

1. e4 e5 2. Nf3 Nc6 3. d4 exd4 4. Nxd4 Nf6 5. Nc3 d6 6. Be2 Be7 7. O-O O-O 8. Be3 Re8 9. f4 Bf8 10. Bf3 Bd7 11. Kh1 Nxd4 12. Bxd4 Bc6 13. Qd3 Nd7 14. Rad1 a6 15. Ne2 Qe7 16. Ng3 g6 17. c4 Bh6 18. Bg4 Nf6 19. Bxf6 Qxf6 20. b3 Qh4 21. h3 Re7 22. a4 Rae8 23. Rde1 f5 24. Bxf5 Bxf4 0-1

[Event "Omnium de Montreal"]
[Site "Montreal CAN"]
[Date "2003.08.29"]
[Round "1"]
[White "Rodriguez, Aaron"]
[Black "Rousseau, Daniel"]
[Result "0-1"]
[WhiteElo "1676"]
[BlackElo "2089"]
[PlyCount "60"]
[GameId "2160767911276705"]
[EventDate "2003.08.29"]
[EventType "swiss"]
[EventRounds "5"]
[EventCountry "CAN"]

1. e4 e5 2. Nf3 Nc6 3. Bb5 a6 4. Ba4 Nf6 5. O-O b5 6. Bb3 Bc5 7. c3 d6 8. d3 h6 9. h3 Bb7 10. Nbd2 Qd7 11. Re1 O-O-O 12. Nf1 g5 13. Be3 g4 14. hxg4 Nxg4 15. Nh4 Nxe3 16. Nxe3 Rdg8 17. Nef5 Rg5 18. Qf3 Kb8 19. Rad1 Bb6 20. a3 Ne7 21. Nxe7 Qxe7 22. d4 Rf8 23. Qd3 Rg4 24. Nf3 f5 25. exf5 Qg7 26. Nd2 Rxg2+ 27. Kf1 Rg1+ 28. Ke2 Qg4+ 29. f3 Rg2+ 30. Kf1 Qh3 0-1

[Event "Omnium de Montreal"]
[Site "Montreal CAN"]
[Date "2003.08.30"]
[Round "2"]
[White "Rousseau, Daniel"]
[Black "Hua, Lefong"]
[Result "0-1"]
[WhiteElo "2089"]
[BlackElo "2351"]
[PlyCount "96"]
[GameId "2160767911276714"]
[EventDate "2003.08.29"]
[EventType "swiss"]
[EventRounds "5"]
[EventCountry "CAN"]
[SourceTitle "EXT 2006"]
[Source "ChessBase"]
[SourceDate "2005.11.24"]
[SourceVersion "1"]
[SourceVersionDate "2005.11.24"]
[SourceQuality "1"]

1. e4 c5 2. Nf3 e6 3. d4 cxd4 4. Nxd4 a6 5. Bd3 Nf6 6. O-O Qc7 7. Qe2 d6 8. f4 Nbd7 9. Nf3 Be7 10. Nc3 Nc5 11. Kh1 Nxd3 12. cxd3 O-O 13. Rg1 b5 14. Be3 Qb7 15. g4 d5 16. e5 Ne8 17. d4 f6 18. g5 fxe5 19. fxe5 b4 20. Nd1 Bd7 21. g6 h6 22. Nd2 Rc8 23. Nf2 Qb5 24. Qg4 Rc2 25. Rg2 Rf5 26. Qh3 Bf8 27. Rag1 Qe2 28. Ng4 Qd3 29. Qh4 h5 30. Bg5 Rxg5 31. Qxg5 hxg4 32. Qh5 Qh3 33. Qg5 Qh6 34. Qxh6 gxh6 35. Nb3 Rxg2 36. Rxg2 h5 37. h3 gxh3 38. Rg3 Ng7 39. Rxh3 Be8 40. Rg3 Nf5 41. Rg1 Bh6 42. Nc5 Nxd4 43. Nxa6 Nc6 44. Rg2 d4 45. Nc5 Nxe5 46. Kh2 d3 47. Kg3 d2 48. Rg1 Be3 0-1

[Event "Omnium de Montreal"]
[Site "Montreal CAN"]
[Date "2003.08.30"]
[Round "3"]
[White "Rivest, Jean-Michel"]
[Black "Rousseau, Daniel"]
[Result "0-1"]
[WhiteElo "1921"]
[BlackElo "2089"]
[PlyCount "128"]
[GameId "2160767911276720"]
[EventDate "2003.08.29"]
[EventType "swiss"]
[EventRounds "5"]
[EventCountry "CAN"]

1. e4 Nf6 2. e5 Nd5 3. d4 d6 4. Nf3 Bg4 5. Be2 e6 6. O-O Be7 7. Nc3 O-O 8. Nxd5 exd5 9. Bf4 f6 10. exd6 Bxd6 11. Bg3 Nc6 12. c3 Ne7 13. Nd2 Bf5 14. Re1 c6 15. Bxd6 Qxd6 16. Bg4 Bxg4 17. Qxg4 f5 18. Qg5 Ng6 19. Nf3 h6 20. Qh5 Nf4 21. Qh4 Nd3 22. Re2 Rae8 23. Rd2 Re4 24. Qg3 Nf4 25. Kf1 Qf6 26. Ne5 Nh5 27. Qf3 Qh4 28. Kg1 Rf6 29. Re2 g5 30. Rxe4 fxe4 31. Qe3 Nf4 32. Rf1 g4 33. Re1 Ng6 34. Qe2 h5 35. Qe3 Kh7 36. Re2 Rf5 37. Rd2 Qf6 38. Qg3 Qg7 39. Re2 Nf4 40. Rd2 c5 41. Qe3 c4 42. Qg3 Qh6 43. Qe3 b5 44. b3 Qa6 45. bxc4 Qa3 46. Rc2 bxc4 47. Qd2 Nd3 48. Nxd3 cxd3 49. Rb2 Qe7 50. Rb5 Kg6 51. Ra5 Qg5 52. Ra6+ Rf6 53. Rxf6+ Kxf6 54. Qxg5+ Kxg5 55. Kf1 Kf5 56. Ke1 Ke6 57. Kd2 h4 58. f4 exf3 59. gxf3 g3 60. hxg3 hxg3 61. Kxd3 g2 62. c4 dxc4+ 63. Kxc4 g1=Q 64. d5+ Kd6 0-1

[Event "Omnium de Montreal"]
[Site "Montreal CAN"]
[Date "2003.08.31"]
[Round "4"]
[White "Rousseau, Daniel"]
[Black "Feoktistov, Dmitri"]
[Result "1/2-1/2"]
[WhiteElo "2089"]
[BlackElo "2294"]
[PlyCount "90"]
[GameId "2160767911276723"]
[EventDate "2003.08.29"]
[EventType "swiss"]
[EventRounds "5"]
[EventCountry "CAN"]

1. e4 c6 2. d4 d5 3. Nc3 dxe4 4. Nxe4 Bf5 5. Ng3 Bg6 6. Nf3 Nd7 7. h4 h6 8. h5 Bh7 9. Bd3 Bxd3 10. Qxd3 Qc7 11. Bd2 Ngf6 12. O-O-O e6 13. Ne4 Nxe4 14. Qxe4 Nf6 15. Qe2 O-O-O 16. g3 Bd6 17. c4 c5 18. Kb1 Kb8 19. Bc3 Rhe8 20. Rd2 Qc6 21. Re1 Ka8 22. Ne5 Bxe5 23. dxe5 Rxd2 24. Bxd2 Nd7 25. Qg4 Nb6 26. b3 Rd8 27. Bc3 Nc8 28. Qxg7 Qf3 29. Rc1 Qxh5 30. g4 Qg6+ 31. Qxg6 fxg6 32. Rh1 Rh8 33. Bd2 h5 34. Bg5 Kb8 35. Kc2 Kc7 36. Kd3 Nb6 37. Ke4 Nd7 38. Be7 b6 39. Rh2 Rh7 40. Bd6+ Kc6 41. Kf4 Rf7+ 42. Kg5 hxg4 43. Kxg4 Rf5 44. f4 Nf6+ 45. exf6 Kxd6 1/2-1/2

[Event "Quebec op"]
[Site "Montreal CAN"]
[Date "2003.07.19"]
[Round "1"]
[White "Rousseau, Daniel"]
[Black "Legky, Nikolay"]
[Result "0-1"]
[WhiteElo "2044"]
[BlackElo "2482"]
[PlyCount "94"]
[GameId "2160767911293686"]
[EventDate "2003.07.12"]
[EventType "swiss"]
[EventRounds "9"]
[EventCountry "CAN"]
[SourceTitle "CBM 095 Extra"]
[Source "ChessBase"]
[SourceDate "2003.09.04"]
[SourceVersion "1"]
[SourceVersionDate "2003.09.04"]
[SourceQuality "1"]

1. e4 e6 2. d4 d5 3. Nc3 dxe4 4. Nxe4 Nd7 5. Nf3 Ngf6 6. Bg5 h6 7. Nxf6+ Nxf6 8. Bh4 c5 9. dxc5 Qxd1+ 10. Rxd1 Bxc5 11. Bb5+ Ke7 12. O-O a6 13. Be2 Bd6 14. Rfe1 Rd8 15. Nd4 Be5 16. c3 Bxd4 17. cxd4 g5 18. Bg3 Nd5 19. Bf3 b5 20. Rc1 Bb7 21. Bc7 Rd7 22. Ba5 Nf4 23. Bxb7 Rxb7 24. Rc3 b4 25. Rb3 Rab8 26. g3 Nd5 27. Rc1 Rb5 28. Rc5 Rxc5 29. dxc5 Rb5 30. Bb6 Nxb6 31. cxb6 Rxb6 32. Kg2 a5 33. Kf3 f5 34. Ke3 e5 35. g4 fxg4 36. Ke4 Rf6 37. h3 Ke6 38. hxg4 Rf4+ 39. Ke3 Rxg4 40. a3 Kf5 41. axb4 Rxb4 42. Ra3 a4 43. Ra2 h5 44. Kd3 h4 45. Kc3 Rf4 46. b4 axb3 47. Kxb3 h3 0-1

[Event "Quebec op"]
[Site "Montreal CAN"]
[Date "2003.07.13"]
[Round "2"]
[White "Rousseau, Daniel"]
[Black "McDonough, Jonathan"]
[Result "1/2-1/2"]
[WhiteElo "2040"]
[BlackElo "2180"]
[PlyCount "77"]
[GameId "2160767911293697"]
[EventDate "2003.07.12"]
[EventType "swiss"]
[EventRounds "9"]
[EventCountry "CAN"]

1. e4 e6 2. d4 d5 3. Nc3 Bb4 4. e5 c5 5. a3 Bxc3+ 6. bxc3 Qc7 7. Nf3 b6 8. a4 Ne7 9. Bb5+ Bd7 10. Bd3 Nbc6 11. Bd2 h6 12. O-O c4 13. Be2 O-O-O 14. Bc1 f5 15. Ba3 Be8 16. Bd6 Qd7 17. Qb1 Na5 18. Qa2 g5 19. Rfb1 Nec6 20. Nd2 Kb7 21. Rb5 Rc8 22. Rab1 g4 23. Bc5 Ka8 24. Bd6 Qd8 25. R5b2 Rh7 26. Nxc4 dxc4 27. Bxc4 Nxc4 28. Qxc4 Na5 29. Qxe6 Qd7 30. Qd5+ Qb7 31. Qe6 Bc6 32. c4 Nxc4 33. Qxc4 Bxg2 34. Qe2 Bh1 35. Qf1 Bd5 36. a5 Bc4 37. Qg2 Bd5 38. Qf1 Bc4 39. Qg2 1/2-1/2

[Event "Quebec op"]
[Site "Montreal CAN"]
[Date "2003.07.13"]
[Round "3"]
[White "Ber, Yves"]
[Black "Rousseau, Daniel"]
[Result "0-1"]
[WhiteElo "1930"]
[BlackElo "2180"]
[PlyCount "122"]
[GameId "2160767911293711"]
[EventDate "2003.07.12"]
[EventType "swiss"]
[EventRounds "9"]
[EventCountry "CAN"]
[SourceTitle "EXT 2022"]
[Source "ChessBase"]
[SourceDate "2021.10.06"]
[SourceVersion "1"]
[SourceVersionDate "2021.10.06"]
[SourceQuality "1"]

1. d4 Nf6 2. Nf3 g6 3. c4 Bg7 4. Nc3 O-O 5. e4 d6 6. h3 e5 7. dxe5 dxe5 8. Be3 Nbd7 9. Qc2 c6 10. Be2 Qe7 11. Nh2 Nc5 12. Ng4 Nfd7 13. f3 Ne6 14. Qd2 f5 15. Nh2 f4 16. Bf2 Nd4 17. g4 fxg3 18. Bxg3 Bf6 19. Bf2 Bg5 20. Be3 Bh4+ 21. Kd1 Rd8 22. Nd5 cxd5 23. exd5 Nf5 24. Rg1 Nxe3+ 25. Qxe3 Qc5 26. Qxc5 Nxc5 27. Ng4 Re8 28. b4 Na6 29. a3 h5 30. Nh2 Bf5 31. Nf1 Bf2 32. Rg2 Bd4 33. Ra2 Kh7 34. Nd2 Nc7 35. Ne4 Bxe4 36. fxe4 Rf8 37. c5 a5 38. Rc2 axb4 39. axb4 Ra4 40. c6 bxc6 41. Rxc6 Ne8 42. Rcxg6 Rxb4 43. Bxh5 Rb1+ 44. Kc2 Rb2+ 45. Kc1 Rf1+ 46. Bd1 Rxg2 47. Rxg2 Nd6 48. Kd2 Nc4+ 49. Kd3 Nb2+ 50. Rxb2 Bxb2 51. Bg4 Ba3 52. Kc2 Rf4 53. Kd3 Kh6 54. Bf5 Kg5 55. Be6 Kf6 56. Bg4 Ke7 57. Be6 Kd6 58. Bg4 Kc5 59. Be2 Bc1 60. Bg4 Rf2 61. h4 Rf4 0-1

[Event "Quebec op"]
[Site "Montreal CAN"]
[Date "2003.07.15"]
[Round "5"]
[White "Rousseau, Daniel"]
[Black "Fernandez, Lautaro"]
[Result "1/2-1/2"]
[WhiteElo "2180"]
[BlackElo "2113"]
[PlyCount "126"]
[GameId "2160767911293761"]
[EventDate "2003.07.12"]
[EventType "swiss"]
[EventRounds "9"]
[EventCountry "CAN"]
[SourceTitle "EXT 2022"]
[Source "ChessBase"]
[SourceDate "2021.10.06"]
[SourceVersion "1"]
[SourceVersionDate "2021.10.06"]
[SourceQuality "1"]

1. e4 e5 2. Nf3 Nc6 3. Bb5 a6 4. Ba4 Nf6 5. O-O Be7 6. Re1 b5 7. Bb3 O-O 8. a4 Rb8 9. axb5 axb5 10. Nc3 d6 11. h3 Nd7 12. Nd5 Nc5 13. Ba2 b4 14. Bc4 Be6 15. d4 exd4 16. Nxd4 Nxd4 17. Qxd4 b3 18. c3 Bf6 19. e5 Bxd5 20. Qxd5 Be7 21. Be3 dxe5 22. Qxe5 Nd7 23. Qf5 Bd6 24. Bg5 Nf6 25. Bd3 Qd7 26. Qf3 Nd5 27. Bf5 Qb5 28. Qg4 g6 29. Bd7 h5 30. Bxb5 hxg4 31. Bc4 Nb6 32. Bxb3 gxh3 33. Rab1 hxg2 34. Kxg2 Rfe8 35. Be3 Be5 36. f4 Bf6 37. Kf3 Nc8 38. Ba4 Re7 39. Bd2 Rxe1 40. Bxe1 Nd6 41. b4 g5 42. Bc6 Nb5 43. Bxb5 Rxb5 44. fxg5 Rxg5 45. Bd2 Rd5 46. Ke2 Kf8 47. c4 Rh5 48. Be3 Ke7 49. Bc5+ Ke6 50. Rg1 Rh3 51. Rg8 Be5 52. Be3 f6 53. b5 Kf5 54. c5 Ke4 55. Rg4+ Kd5 56. b6 cxb6 57. cxb6 Rh2+ 58. Bf2 f5 59. Rg8 Kc6 60. Rg5 Bd4 61. Rxf5 Rxf2+ 62. Rxf2 Bxf2 63. Kxf2 Kxb6 1/2-1/2

[Event "Quebec op"]
[Site "Montreal CAN"]
[Date "2003.07.16"]
[Round "6"]
[White "Clyde, Jordan"]
[Black "Rousseau, Daniel"]
[Result "0-1"]
[WhiteElo "2020"]
[BlackElo "2180"]
[PlyCount "56"]
[GameId "2160767911293774"]
[EventDate "2003.07.12"]
[EventType "swiss"]
[EventRounds "9"]
[EventCountry "CAN"]
[SourceTitle "EXT 2022"]
[Source "ChessBase"]
[SourceDate "2021.10.06"]
[SourceVersion "1"]
[SourceVersionDate "2021.10.06"]
[SourceQuality "1"]

1. Nf3 Nf6 2. b3 g6 3. g3 Bg7 4. Bb2 O-O 5. Bg2 d6 6. O-O e5 7. d3 Nc6 8. Nbd2 h6 9. e4 Be6 10. Nc4 Qd7 11. Ne3 Ne7 12. Nh4 g5 13. Nhf5 Nxf5 14. exf5 Bxf5 15. Nxf5 Qxf5 16. Bxb7 Rab8 17. Bg2 Nd7 18. Qh5 Nc5 19. Bh3 Qh7 20. f4 e4 21. d4 Na4 22. fxg5 Nxb2 23. Bf5 Bxd4+ 24. Kh1 Qg7 25. gxh6 Qe5 26. Rf4 Kh8 27. h7 Nd3 28. Rxe4 Nf2+ 0-1

[Event "Quebec op"]
[Site "Montreal CAN"]
[Date "2003.07.17"]
[Round "7"]
[White "Rousseau, Daniel"]
[Black "Laurain, Guy"]
[Result "0-1"]
[WhiteElo "2180"]
[BlackElo "2079"]
[PlyCount "56"]
[GameId "2160767911293797"]
[EventDate "2003.07.12"]
[EventType "swiss"]
[EventRounds "9"]
[EventCountry "CAN"]

1. e4 c5 2. Nf3 Nc6 3. d4 cxd4 4. Nxd4 Nf6 5. Nc3 d6 6. Bg5 e6 7. Qd2 a6 8. O-O-O Bd7 9. f4 h6 10. Bxf6 Qxf6 11. Nf3 O-O-O 12. Kb1 Kb8 13. Qe3 Be7 14. Qb6 Ka8 15. Bxa6 bxa6 16. Qxa6+ Na7 17. Nd4 Rb8 18. Rhf1 Rhf8 19. e5 dxe5 20. Ne4 Qg6 21. Nf5 exf5 22. Qxg6 fxg6 23. Rxd7 Ba3 24. Nd2 Rxb2+ 25. Ka1 Rxc2 26. Rf3 Bb4 27. Nb3 e4 28. Rg3 Nb5 0-1

[Event "Quebec op"]
[Site "Montreal CAN"]
[Date "2003.07.18"]
[Round "8"]
[White "Robichaud, Louis"]
[Black "Rousseau, Daniel"]
[Result "1-0"]
[WhiteElo "2011"]
[BlackElo "2180"]
[PlyCount "87"]
[GameId "2160767911302012"]
[EventDate "2003.07.12"]
[EventType "swiss"]
[EventRounds "9"]
[EventCountry "CAN"]
[SourceTitle "EXT 2022"]
[Source "ChessBase"]
[SourceDate "2021.10.06"]
[SourceVersion "1"]
[SourceVersionDate "2021.10.06"]
[SourceQuality "1"]

1. e4 Nf6 2. e5 Nd5 3. c4 Nb6 4. d4 d6 5. f4 dxe5 6. fxe5 c5 7. d5 e6 8. Nc3 exd5 9. cxd5 c4 10. Nf3 Bc5 11. Bg5 Qd7 12. e6 fxe6 13. Ne5 Qc7 14. d6 Bxd6 15. Qh5+ g6 16. Nxg6 Qf7 17. O-O-O Qxg6 18. Qxg6+ hxg6 19. Rxd6 Nc6 20. Nb5 Rh7 21. Rd1 Rd7 22. Rxd7 Kxd7 23. Bxc4 Nb4 24. Rd1+ N4d5 25. Bd3 Kc6 26. Nd4+ Kd6 27. Bxg6 Bd7 28. h4 Rg8 29. Bd3 a6 30. Nf3 Na4 31. h5 Nc5 32. Bg6 Be8 33. Bxe8 Rxe8 34. Bh6 Kc6 35. Ne5+ Kb5 36. Bg7 Ne3 37. Rh1 Nf5 38. h6 Nxg7 39. hxg7 Rg8 40. Rh7 Ne4 41. Ng4 Kc6 42. Nh6 Nf6 43. Nxg8 Nxh7 44. Ne7+ 1-0

[Event "Quebec op"]
[Site "Montreal CAN"]
[Date "2003.07.19"]
[Round "9"]
[White "Rousseau, Daniel"]
[Black "Metivier, Nicolas"]
[Result "0-1"]
[WhiteElo "2180"]
[BlackElo "1924"]
[PlyCount "56"]
[GameId "2160767911302030"]
[EventDate "2003.07.12"]
[EventType "swiss"]
[EventRounds "9"]
[EventCountry "CAN"]
[SourceTitle "EXT 2022"]
[Source "ChessBase"]
[SourceDate "2021.10.06"]
[SourceVersion "1"]
[SourceVersionDate "2021.10.06"]
[SourceQuality "1"]

1. e4 e5 2. Nf3 Nc6 3. Bb5 a6 4. Ba4 Nf6 5. O-O Nxe4 6. d4 b5 7. Bb3 d5 8. dxe5 Be6 9. Nbd2 Nc5 10. c3 Be7 11. Nd4 Nxe5 12. f4 Bg4 13. Qe1 Nc4 14. Bxc4 bxc4 15. f5 Nd3 16. Qg3 c5 17. f6 Bxf6 18. Nc6 Qd7 19. Na5 Be2 20. Rxf6 gxf6 21. Naxc4 dxc4 22. Nxc4 Nxc1 23. Qe1 O-O 24. Nb6 Qd1 25. Rxc1 Qxe1+ 26. Rxe1 Rab8 27. Nd7 Rxb2 28. Nxf8 Kxf8 0-1

[Event "Quebec-ch 1/2 final"]
[Site "Montreal CAN"]
[Date "2003.06.13"]
[Round "1"]
[White "Cloutier, Mario"]
[Black "Rousseau, Daniel"]
[Result "1-0"]
[WhiteElo "2001"]
[BlackElo "2173"]
[PlyCount "83"]
[GameId "2160767911302339"]
[EventDate "2003.06.13"]
[EventType "swiss"]
[EventRounds "5"]
[EventCountry "CAN"]

1. e4 e5 2. Nf3 Nc6 3. Bb5 a6 4. Ba4 Nf6 5. O-O b5 6. Bb3 Bc5 7. c3 d6 8. d4 Bb6 9. h3 Bb7 10. Re1 Qd7 11. a4 O-O-O 12. axb5 axb5 13. Na3 h6 14. Be3 exd4 15. cxd4 d5 16. e5 Ne4 17. Nxb5 g5 18. Nh2 h5 19. f3 Ng3 20. Nc3 Nf5 21. Nxd5 Bxd4 22. Bxd4 Ncxd4 23. Ne3 Qb5 24. Ba4 Qb6 25. Qc1 g4 26. hxg4 hxg4 27. Nhxg4 Ng3 28. Kf2 Ndf5 29. Qc3 Rd5 30. Bb3 Rc5 31. Bc4 Nxe3 32. Nxe3 Nf5 33. e6 Rd8 34. Rad1 Nd6 35. e7 Re8 36. Qd4 Rxe7 37. Nf5 Rxe1 38. Nxd6+ cxd6 39. Rxe1 Kb8 40. b4 Rc6 41. Qxb6 Rxb6 42. b5 1-0

[Event "Quebec-ch 1/2 final"]
[Site "Montreal CAN"]
[Date "2003.06.14"]
[Round "2"]
[White "Rousseau, Daniel"]
[Black "Lemire-Paquin, Alexandre"]
[Result "1-0"]
[WhiteElo "2137"]
[BlackElo "1736"]
[PlyCount "75"]
[GameId "2160767911302349"]
[EventDate "2003.06.13"]
[EventType "swiss"]
[EventRounds "5"]
[EventCountry "CAN"]

1. e4 c5 2. Nf3 d6 3. d4 cxd4 4. Nxd4 Nf6 5. Nc3 a6 6. Bc4 e6 7. Bb3 Be7 8. Be3 O-O 9. Qe2 b5 10. a3 Qc7 11. O-O-O Nc6 12. Nxc6 Qxc6 13. f3 Nd7 14. Nd5 Bd8 15. Qd2 Nc5 16. Ba2 a5 17. Bg5 exd5 18. Bxd5 Qc7 19. Kb1 Bb7 20. Bf4 Be7 21. Ba2 Rfd8 22. h4 Qb6 23. h5 b4 24. a4 Nxa4 25. Bb3 Nc5 26. Bc4 Rac8 27. b3 a4 28. h6 a3 29. Bg5 a2+ 30. Ka1 Bf8 31. Be3 Qa5 32. Bd4 Ne6 33. Bxe6 fxe6 34. hxg7 Bxg7 35. Bxg7 Rd7 36. Bb2 Qc5 37. Qh6 Re8 38. Rh5 1-0

[Event "Quebec-ch 1/2 final"]
[Site "Montreal CAN"]
[Date "2003.06.14"]
[Round "3"]
[White "Rousseau, Daniel"]
[Black "Charbonneau, Anne-Marie"]
[Result "1-0"]
[WhiteElo "2173"]
[BlackElo "2095"]
[PlyCount "41"]
[GameId "2160767911302359"]
[EventDate "2003.06.13"]
[EventType "swiss"]
[EventRounds "5"]
[EventCountry "CAN"]

1. e4 c5 2. Nf3 e6 3. d4 cxd4 4. Nxd4 Nf6 5. Nc3 d6 6. Bc4 Be7 7. Bb3 O-O 8. Be3 Na6 9. Qf3 Nc5 10. O-O-O Nxb3+ 11. axb3 Bd7 12. g4 Bc6 13. g5 Nd7 14. Qh5 Qa5 15. Kb1 Rac8 16. Rhg1 Bf6 17. b4 Qxb4 18. gxf6 g6 19. e5 Kh8 20. Qh6 Rg8 21. Rg4 1-0